00370nam a2200157 a 4500001000400000003000900004008004100013040002800054082002000082100002000102245000900122260003100131300000900162490002100171650002000192526CO-ViMGA141112s2004 ck r 000 u spa d aCO-ViMGAbspacCO-ViMGA04aMe 863.44 F835a1 aFuentes, Carlos10aAura aMadrid : bAlianza, c1994 a61 p aTextos completos14aNOVELA MEXICANA